Building contract claims (Record no. 86726)

MARC details
000 -LEADER
fixed length control field 00456cam a2200193 4500
001 - CONTROL NUMBER
control field D7958
008 - FIXED-LENGTH DATA ELEMENTS--GENERAL INFORMATION
fixed length control field 090401t1983 xxu||||| |||| 00| 0 eng d
035 ## - SYSTEM CONTROL NUMBER
System control number (Sirsi) u10317
041 ## - LANGUAGE CODE
Language code of text/sound track or separate title eng
050 ## - LIBRARY OF CONGRESS CALL NUMBER
Classification number 692.8
100 ## - MAIN ENTRY--PERSONAL NAME
Personal name Powell-Smith, Vincent
245 ## - TITLE STATEMENT
Title Building contract claims
260 ## - PUBLICATION, DISTRIBUTION, ETC.
Place of publication, distribution, etc. St Albans
Name of publisher, distributor, etc. Granada Publishing
Date of publication, distribution, etc. 1983
300 ## - PHYSICAL DESCRIPTION
Extent vii. 319p. 24cm
350 ## - PRICE (NR) (BK AM CF MU VM SE) [OBSOLETE]
Price 17.95
700 ## - ADDED ENTRY--PERSONAL NAME
Personal name Sims, John
942 ## - ADDED ENTRY ELEMENTS (KOHA)
Suppress in OPAC 0
948 ## - LOCAL PROCESSING INFORMATION (OCLC); SERIES PART DESIGNATOR (RLIN)
c (OCLC) 04/03/1997
Holdings
Withdrawn status Lost status Source of classification or shelving scheme Damaged status Not for loan Home library Current library Shelving location Date acquired Cost, normal purchase price Total Checkouts Full call number Barcode Date last seen Copy number Cost, replacement price Price effective from Koha item type
    Dewey Decimal Classification     London London Basement 14/09/1999 17.95   SHELF 133 30008076 06/08/2019 1 17.95 06/08/2019 Reference material